Word Ladder: Nintendo's Plumbing Brothers Quiz Stats

Quiz Updated Dec 29, 2014

Challenge
Share
Tweet
Embed
Score 0/13 Timer 02:00
3 Plays Today
Hint 5-Letter Word % Correct
* Nintendo's Plumbing Brother ** MARIO *
98.8%
Breathing organsLUNGS
94.9%
Sharapova or ShriverMARIA
92.8%
* Nintendo's Plumbing Brother ** LUIGI *
92.6%
Mac music: i_____TUNES
85.9%
Monday, in SpanishLUNES
85.9%
'_____ Monday'MANIC
83.7%
Long, loose shirtTUNIC
82.6%
Capital of TunisiaTUNIS
81.6%
Excessive excitement or enthusiasmMANIA
81.4%
A sarongLUNGI
81.4%
Freak outPANIC
81.2%
Wars between Rome and CarthagePUNIC
76.1%

Today's Daily Dose

You're not logged in!

Compare scores with friends on all Sporcle quizzes.
Sign Up with Email
OR
Log In

You Might Also Like...

Show Comments

Extras

Top Quizzes Today


Score Distribution

Your Account Isn't Verified!

In order to create a playlist on Sporcle, you need to verify the email address you used during registration. Go to your Sporcle Settings to finish the process.